000
00210 a2200097 4500
001
52908
100
_a
Ewell G W
245
_a
Radar Transmitters
260
_a
New York
_b
McGraw-Hill
_c
090
_c
33256
_d
33256
942
_a
NUST-CAE
_c
M
_c
25843
999
_c
287981
_d
287981